| 000 | 00385nam a2200157Ia 4500 | ||
|---|---|---|---|
| 008 | 230917s9999||||xx |||||||||||||| ||und|| | ||
| 020 | _cRS125 | ||
| 040 |
_e30858 _aMAIN |
||
| 041 | _aEnglish | ||
| 082 | _a891.2109 N133D | ||
| 100 | _aNagendra | ||
| 245 | 0 | _aDictionary of Sanskrit poetics | |
| 260 |
_aDelhi _bB R Publishing Corporation _c1987 |
||
| 300 | _a207 p. | ||
| 942 | _cBK | ||
| 999 |
_c103149 _d103149 |
||